| 000 | 00880cam a2200253 a 4500 | ||
|---|---|---|---|
| 005 | 20091107113722.0 | ||
| 008 | 000504s2000 nik 000 0 eng d | ||
| 010 | _aENG-95380 | ||
| 020 |
_a9788131306000 _c695.00 |
||
| 035 | _aEN-78913 | ||
| 037 | _bDBAD/PUB | ||
| 040 | _aDPL | ||
| 100 | _arIAR, c.s. | ||
| 245 |
_a Food Grain product Technology and Quality Characteristics _cby C.D. Gosr |
||
| 260 |
_aNew Delhi _bA.P.H. Publishing Corporation _c2009 |
||
| 270 |
_a4435-36/7, Ansari Road , _bNew Delhi _e110002 |
||
| 300 |
_a202p. _c22 cm.(Hb) |
||
| 500 | _aBibliography ref. | ||
| 500 | _aBibliography ref. | ||
| 942 |
_2ddc _cEN _mKUM |
||
| 999 |
_c31541 _d31541 |
||